دليل التنظيم الادارى العام للدولة
محفوظ في:
مؤلف مشترك:
التنسيق: كتاب
اللغة: Undetermined
منشور في:
Egypt
aljihaz almurakazaa liltanzim waladara
1971
الوسوم: إضافة وسم
لا توجد وسوم, كن أول من يضع وسما على هذه التسجيلة!
رقم الطلب:
| LEADER | 00385nam a2200109Ia 4500 | ||
|---|---|---|---|
| 008 | 240503s9999||||xx |||||||||||||| ||und|| | ||
| 245 | 1 | 0 | |a دليل التنظيم الادارى العام للدولة |
| 264 | 1 | |a Egypt |b aljihaz almurakazaa liltanzim waladara |c 1971 | |
| 300 | |a 2 Volumes |c 30 | ||
| 710 | 2 | |a الجهاز المركزى للتنظيم والادارة | |
| 942 | |2 lcc |c BK | ||
| 999 | |c 58369 |d 58369 | ||
